000 00257nam a22001217a 4500
082 _a823
_bNAZ/V
100 _aNAZZARI, A
245 _aTHE VILLAGE OF STONE
260 _aBOMBAY
_bST.PAUL
_c1992
300 _a36
650 _aENGLISH STORY
_zINDIA
942 _cBK
999 _c7355
_d7355